| 000 | 00466nam a2200169 a 4500 | ||
|---|---|---|---|
| 001 | 3513 | ||
| 003 | CDMR | ||
| 005 | 20130321173709.0 | ||
| 008 | 130130s1996||||||||||||||||||||||||||||d | ||
| 020 | _a8481120626 | ||
| 040 |
_aCDMR _bcat _cCDMR |
||
| 245 | 0 | 0 |
_aTelecomunicaciones 1996 _b: tendencias : las infraestructuras de telecomunicaciones |
| 260 |
_aMadrid _c1996 _bFundesco |
||
| 490 | 0 | _aInformes anuales de Fundesco | |
| 710 | 2 |
_9385 _aFUNDESCO |
|
| 942 |
_cMON _2udc |
||
| 999 |
_c3513 _d3513 |
||